000 00611cab a2200205 4500
001 WB2247-64
008 090401t1986 xxu||||| |||| 00| 0 eng d
035 _a(Sirsi) u40350
041 _aeng
245 _aLondon Docklands
260 _c1986
350 _a0
490 _aTimes
_v18/11/86 pp 16-21 6 pages LOAN
520 _aA general report on Europe`s most exciting inner city development of the decade including property,transport, housing and employment.
650 _aDOCKLANDS LIGHT RAILWAY
650 _aPROPERTY DEVELOPMENT
690 _aSPECIAL REPORTS
942 _n0
948 _c04/03/1997
999 _c25855
_d25855